| 000 | 00921nam a2200253Ia 4500 | ||
|---|---|---|---|
| 003 | OSt | ||
| 005 | 20220918112033.0 | ||
| 006 | a|||||r|||| 00| 0 | ||
| 007 | ta | ||
| 008 | 220915b |||||||| |||| 00| 0 hin d | ||
| 024 | _a163290 | ||
| 037 | _cTextbook | ||
| 040 |
_bhin _aARTS _cARTS |
||
| 041 | _ahin | ||
| 082 | _aO15:gx8,1, 152L4-;1(TTPH) | ||
| 100 |
_aमम्मट _91683 |
||
| 245 | 0 | _aकाव्यप्रकाश, हिन्दी व्या- विश्वेश्वर, संपा0 नगेन्द्र | |
| 246 | _aKāvyaprakāsha, hindī vyā- vishveshvara, sanpā0 nagendra | ||
| 260 |
_aवाराणसी _bज्ञानमण्डल भारत _c1974 |
||
| 300 |
_a600पण् _ccm. |
||
| 650 | _aहिन्दी साहित्य | ||
| 942 |
_hO15:gx8,1, 152L4-;1(TTPH) _cTB _2CC |
||
| 999 |
_c118014 _d118014 |
||